000 00505nam a2200169 i 4500
001 79733
003 ES-MaACL
005 20230906174036.0
007 t|
008 041022m19211922sp ||||1| spa d
100 1 _aHertzler, Arthur E.
_963409
245 1 3 _aEl peritoneo /
_cpor Arthur E. Hertzler ; traducido del inglés por José de Torre Blanco.
260 _aMadrid :
_bCalpe,
_c1921-1922.
300 _a2 v. ;
_c25 cm.
700 1 _aTorre Blanco, José de.
_9110767
852 _aES-MaACL
_jB-11491-92
999 _c79733
_d79733